| 000 | 00541nam a22001697a 4500 | ||
|---|---|---|---|
| 003 | OSt | ||
| 005 | 20241125113656.0 | ||
| 008 | 241028b |||||||| |||| 00| 0 eng d | ||
| 020 | _a08550859 | ||
| 040 | _cCentral University Library | ||
| 245 | _aReview of Ghana Law | ||
| 250 | _aEdited by Bimpong-Buta, S.Y. LLb (Ghana), LLM (Lond), Sag of Lincoln Inn (Until 30 June, 1992) | ||
| 260 |
_aAccra _bConcil for Law Reporting Publication _c1992 |
||
| 300 |
_axii, 422 pages Vol. xvii 1989-90 _c23.5 cm |
||
| 650 | _2Ghana Law | ||
| 942 |
_2lcc _cBK _n0 |
||
| 999 |
_c296 _d296 |
||